[Event "EU-ch U12 Girls 31st"]
[Site "Mamaia"]
[Date "2023.09.11"]
[Round "6"]
[White "Kalyoncu, Beren"]
[Black "Yazici, Zumral"]
[Result "1-0"]
[WhiteElo "1595"]
[BlackElo "1429"]
[PlyCount "65"]
[EventDate "2023.09.05"]
[EventType "swiss"]
[EventRounds "9"]
[EventCountry "ROU"]
[SourceTitle "EXT 2024"]
[Source "ChessBase"]
[SourceDate "2023.10.10"]
[SourceVersion "1"]
[SourceVersionDate "2023.10.10"]
[SourceQuality "1"]

1. d4 d5 2. c4 e6 3. Nf3 a6 4. g3 dxc4 5. Bg2 b5 6. Ne5 c6 7. 0-0 Bb7 8. a4 Bd6 9. b3 cxb3 10. Qxb3 Bxe5 11. dxe5 Nd7 12. Ba3 Ne7 13. Bd6 Nf5 14. Qd3 Nb6 15. axb5 axb5 16. Nc3 Nxd6 17. exd6 Nd5 18. Nxd5 exd5 19. Qe3+ Kf8 20. Qc5 Kg8 21. Rxa8 Qxa8 22. d7 h6 23. Qe7 Kh7 24. e4 f6 25. Bh3 Rd8 26. exd5 cxd5 27. Bf5+ Kh8 28. Qf7 Bc6 29. Re1 d4 30. Qg6 Kg8 31. Qh7+ Kf8 32. Bg6 Bd5 33. Re8+ 1-0

[Event "Kesan op"]
[Site "Kesan"]
[Date "2023.08.05"]
[Round "8"]
[White "Yazici, Zumral"]
[Black "Okur, Batin"]
[Result "0-1"]
[WhiteElo "1388"]
[BlackElo "1539"]
[PlyCount "83"]
[EventDate "2023.08.01"]
[EventType "swiss"]
[EventRounds "9"]
[EventCountry "TUR"]
[SourceTitle "CBM 215 Extra"]
[Source "ChessBase"]
[SourceDate "2023.09.30"]
[SourceVersion "1"]
[SourceVersionDate "2023.09.30"]
[SourceQuality "1"]

1. e4 c5 2. Nf3 e6 3. c3 Nf6 4. Bd3 d5 5. exd5 Nxd5 6. 0-0 Be7 7. Bc2 0-0 8. d4 cxd4 9. Nxd4 a6 10. Be3 Nxe3 11. fxe3 g6 12. Nd2 Qc7 13. Qf3 Bd7 14. Ne4 f5 15. Nd2 Bd6 16. h3 Nc6 17. Bb3 Rae8 18. Rae1 Bc5 19. Qf4 Qxf4 20. Rxf4 Kg7 21. Nxc6 Bxc6 22. Kh1 b5 23. e4 e5 24. Rff1 Rd8 25. Nf3 Rde8 26. exf5 Rxf5 27. Nd2 Rxf1+ 28. Nxf1 Rf8 29. Nd2 Rf4 30. Bc2 Rf2 31. Be4 Bd7 32. Nf3 Kf6 33. b4 Be7 34. Bb7 Bd6 35. Bxa6 Rxa2 36. Bb7 Rc2 37. Rd1 Ke7 38. Re1 Rxc3 39. Nxe5 Bxe5 40. Rxe5+ Kd6 41. Re4 Rc4 42. Kg1 0-1

[Event "Kesan op"]
[Site "Kesan"]
[Date "2023.08.02"]
[Round "2"]
[White "Citil, Feyzullah"]
[Black "Yazici, Zumral"]
[Result "1-0"]
[WhiteElo "1663"]
[BlackElo "1388"]
[PlyCount "77"]
[EventDate "2023.08.01"]
[EventType "swiss"]
[EventRounds "9"]
[EventCountry "TUR"]
[SourceTitle "CBM 215 Extra"]
[Source "ChessBase"]
[SourceDate "2023.09.30"]
[SourceVersion "1"]
[SourceVersionDate "2023.09.30"]
[SourceQuality "1"]

1. e4 e5 2. Nf3 Nc6 3. Bb5 a6 4. Ba4 Nf6 5. 0-0 Nxe4 6. d4 b5 7. Bb3 d5 8. dxe5 Be6 9. c3 Bc5 10. Qe2 0-0 11. Nbd2 Bf5 12. a4 b4 13. c4 Nxd2 14. Bxd2 d4 15. Bg5 Qd7 16. Rad1 Rfe8 17. Rfe1 h6 18. Bf4 Rad8 19. Qd2 Na5 20. Ba2 Qxa4 21. Bxh6 gxh6 22. Qxh6 Bg6 23. Bb1 Qc6 24. Qg5 Be7 25. Qg3 d3 26. Bxd3 Qe6 27. b3 Nxb3 28. Be4 c6 29. h4 Kh7 30. Rxd8 Rxd8 31. Ng5+ Bxg5 32. Qxg5 Rg8 33. Bf3 Nd4 34. Bg4 Bf5 35. Qh5+ Kg7 36. Re4 c5 37. Bxf5 Nxf5 38. Rf4 Nd4 39. Rf6 1-0

[Event "TUR-ch (Women)"]
[Site "Ayvalik"]
[Date "2022.03.11"]
[Round "9"]
[White "Zengin, Ovgu"]
[Black "Yazici, Zumral"]
[Result "1/2-1/2"]
[WhiteElo "1509"]
[BlackElo "1170"]
[PlyCount "153"]
[EventDate "2022.03.05"]
[EventType "swiss"]
[EventRounds "9"]
[EventCountry "TUR"]
[SourceTitle "EXT 2023"]
[Source "ChessBase"]
[SourceDate "2022.10.05"]
[SourceVersion "1"]
[SourceVersionDate "2022.10.05"]
[SourceQuality "1"]

1. e4 e5 2. Nf3 Nc6 3. Bc4 Bc5 4. c3 Nf6 5. d3 d6 6. 0-0 a6 7. a4 h6 8. Re1 0-0 9. Nbd2 Ba7 10. b4 Be6 11. Bxe6 fxe6 12. Nf1 b5 13. Be3 Bxe3 14. Nxe3 Qd7 15. axb5 axb5 16. Qb3 d5 17. Nc2 Rxa1 18. Nxa1 Re8 19. Qc2 Qd6 20. Nb3 Nb8 21. d4 Nbd7 22. exd5 exd5 23. dxe5 Nxe5 24. Nfd4 c6 25. f4 Nc4 26. Rxe8+ Nxe8 27. Qf5 Nc7 28. Nc5 Ne3 29. Qe5 Qxe5 30. fxe5 Nd1 31. Ne2 Kf7 32. Kf1 Ne3+ 33. Kg1 Nc4 34. Nd3 Ke6 35. Nd4+ Kf7 36. Nxc6 Ne3 37. Nd4 Nd1 38. Ne2 Ne6 39. Ndc1 Ng5 40. Nb3 Ne4 41. Ned4 Nexc3 42. Nc5 Ne3 43. e6+ Kf6 44. Nd7+ Ke7 45. Nc5 Ng4 46. Nf5+ Kd8 47. Nxg7 Nf6 48. Nf5 h5 49. e7+ Ke8 50. Ne6 Na2 51. Nc7+ Kd7 52. Nxb5 Nxb4 53. Nbd4 Nc6 54. Nxc6 Kxc6 55. Ng7 Kd7 56. e8Q+ Nxe8 57. Nxh5 Kc6 58. Kf2 Nd6 59. Ke3 Kc5 60. Kd3 Nc4 61. Nf4 Ne5+ 62. Kd2 Nc4+ 63. Ke2 d4 64. g3 Kd6 65. Kd3 Ne5+ 66. Ke4 Ng4 67. h3 Nh6 68. g4 Ke7 69. Kxd4 Kf6 70. Ke4 Kg5 71. Kf3 Kh4 72. Ng6+ Kxh3 73. g5 Nf7 74. Nf4+ Kh4 75. g6 Ne5+ 76. Ke4 Nxg6 77. Nxg6+ 1/2-1/2

[Event "TUR-ch (Women)"]
[Site "Ayvalik"]
[Date "2022.03.06"]
[Round "3"]
[White "Ozturk, Busra"]
[Black "Yazici, Zumral"]
[Result "0-1"]
[WhiteElo "1100"]
[BlackElo "1170"]
[PlyCount "78"]
[EventDate "2022.03.05"]
[EventType "swiss"]
[EventRounds "9"]
[EventCountry "TUR"]
[SourceTitle "EXT 2023"]
[Source "ChessBase"]
[SourceDate "2022.10.05"]
[SourceVersion "1"]
[SourceVersionDate "2022.10.05"]
[SourceQuality "1"]

1. e4 e5 2. Nf3 Nc6 3. Bc4 Bc5 4. 0-0 Nf6 5. Re1 d6 6. h3 a6 7. a3 0-0 8. c3 h6 9. d4 Ba7 10. b4 exd4 11. cxd4 d5 12. exd5 Nxd5 13. Bb2 Bf5 14. Qb3 Nce7 15. Nc3 Nxc3 16. Qxc3 Nd5 17. Bxd5 Qxd5 18. Re5 Qd7 19. d5 f6 20. Re2 Qxd5 21. Rae1 c6 22. Nd4 Bd7 23. Ne6 Bxe6 24. Rxe6 Rf7 25. Qg3 Qf5 26. Bc1 Kf8 27. Qd6+ Kg8 28. Qg3 Kh7 29. Qh4 Bb6 30. g4 Qf3 31. g5 fxg5 32. Qe4+ Qxe4 33. R1xe4 Rxf2 34. Kh1 Rf1+ 35. Kg2 Rxc1 36. Re7 Rc2+ 37. Kf1 Rf8+ 38. Ke1 Rff2 39. Rxb7 Rc1# 0-1